On the welfare effects of tax limitation (Registro nro. 25973)

Detalles MARC
000 -LEADER
fixed length control field 00370 a2200121 4500
001 - CONTROL NUMBER
control field ART_11962
005 - DATE AND TIME OF LATEST TRANSACTION
control field 20260410161902.0
008 - FIXED-LENGTH DATA ELEMENTS--GENERAL INFORMATION
fixed length control field 260409a
100 1# - MAIN ENTRY--PERSONAL NAME
Personal name Rubinfeld, Daniel L.
245 10 - TITLE STATEMENT
Title On the welfare effects of tax limitation
700 1# - ADDED ENTRY--PERSONAL NAME
Personal name Courant, Paul N.
773 0# - HOST ITEM ENTRY
Title Journal of public economics
Related parts - Vol. 16, Nº 3 (dic. 1981)
Record control number REV11485

No hay ítems disponibles.